O Mundo do Trabalho em Debate Estudos em Homenagem ao Professor Georgenor de Sousa Franco Filho /

Bibliographic Details
Main Author: Mascaro Nascimento, Sonia
Other Authors: Maranhao, Ney, Monteiro de Brito Filho, Jos ̌Claudio, Nahmias Melo, Sandro
Format: eBook
Language:Portuguese
Published: San Pablo: LTR, 2019
Subjects:
Online Access:Acceso restringido

MARC

LEADER 00000nam a22000007a 4500
005 20220411215939.0
007 cr|||| |||
008 220411s2019 br |||||s|||| 00||0 por d
020 |a 978-85-301-0102-2 
035 |z 36075 
040 |a vLex 
090 |c 13155  |d 13155 
100 1 |a Mascaro Nascimento, Sonia 
245 1 1 |a O Mundo do Trabalho em Debate  |h [Recurso electrn̤ico] :  |b Estudos em Homenagem ao Professor Georgenor de Sousa Franco Filho /  |c Sonia Mascaro Nascimento, Ney Maranhao, Jos ̌Claudio Monteiro de Brito Filho, Sandro Nahmias Melo 
256 |a Servicio en ln̕ea 
260 |a San Pablo:  |b LTR,  |c 2019 
300 |a 1 recurso electrn̤ico 
506 1 |a Disponible solo en los productos indicados  |d vLex Global  |d vLex Global (Academic Edition, excluding Law Schools)  |d vLex Global (U.S. Academic Edition, Law Schools)  |d vLex Global (U.S. Academic Edition, excluding Law Schools)  |d vLex Global (Academic Edition, Law Schools) 
650 0 4 |a Derecho Laboral y Seguridad Social  |z Brasil 
700 1 |a Maranhao, Ney 
700 1 |a Monteiro de Brito Filho, Jos ̌Claudio 
700 1 |a Nahmias Melo, Sandro 
740 0 |a vLex Libros (Servicio en ln̕ea) 
856 4 0 |u https://app.vlex.com/#/sources/36075  |z Acceso restringido 
942 |c BOOK 
999 0 |a Labor law and social security